[Event "GER-ch U16"]
[Site "Willingen"]
[Date "2023.05.31"]
[Round "5"]
[White "Mueller, Maximilian3333"]
[Black "Maul, Maik Joel"]
[Result "1-0"]
[WhiteElo "1908"]
[BlackElo "1803"]
[PlyCount "77"]
[EventDate "2023.05.27"]
[EventType "swiss"]
[EventRounds "9"]
[EventCountry "GER"]
[SourceTitle "CBM 214 Extra"]
[Source "ChessBase"]
[SourceDate "2023.07.31"]
[SourceVersion "1"]
[SourceVersionDate "2023.07.31"]
[SourceQuality "1"]

1. d4 f5 2. Bg5 Nf6 3. e3 e6 4. c4 Be7 5. Nc3 0-0 6. Bd3 d5 7. Bxf6 Bxf6 8. Qb3 c6 9. f4 Nd7 10. Nf3 Qb6 11. Qc2 Be7 12. a3 a5 13. h3 Nf6 14. c5 Qc7 15. Na4 Ne4 16. Nb6 Ra7 17. 0-0-0 Bd7 18. g4 Be8 19. Rdg1 Bd8 20. Rg2 Bf6 21. Rhg1 Bg6 22. g5 Bd8 23. Ne5 Be8 24. Bxe4 fxe4 25. Qe2 Rf5 26. Qg4 Ra6 27. Qh4 Ra7 28. Ng4 Kh8 29. Kb1 Ra6 30. Qg3 Ra7 31. Ne5 Kg8 32. Qg4 Ra6 33. h4 Ra7 34. h5 Ra6 35. Qh3 Ra7 36. Ng4 Kf8 37. Nf2 Kg8 38. Nh1 Rf8 39. Qxe6+ 1-0

[Event "GER-ch Youth-B"]
[Site "Willingen"]
[Date "2022.06.09"]
[Round "7"]
[White "Tuerel, Tugrul"]
[Black "Maul, Maik Joel"]
[Result "1-0"]
[WhiteElo "1206"]
[BlackElo "1532"]
[PlyCount "59"]
[EventDate "2022.06.04"]
[EventType "swiss"]
[EventRounds "9"]
[EventCountry "GER"]
[SourceTitle "CBM 208 Extra"]
[Source "ChessBase"]
[SourceDate "2022.07.31"]
[SourceVersion "1"]
[SourceVersionDate "2022.07.31"]
[SourceQuality "1"]

1. e4 c5 2. Nf3 e6 3. c4 Nc6 4. a3 Qc7 5. d4 cxd4 6. Nxd4 a6 7. Nc3 b6 8. Be2 Bb7 9. Be3 Nf6 10. Qd2 Rd8 11. Rd1 Be7 12. 0-0 0-0 13. Qc2 d5 14. Nxc6 Qxc6 15. cxd5 exd5 16. exd5 Nxd5 17. Bf3 Qc7 18. Bxd5 Bxd5 19. Bxb6 Qc6 20. Bxd8 Rxd8 21. Qe2 Be6 22. Rxd8+ Bxd8 23. Rd1 Bc7 24. Qe4 Qe8 25. Qb7 Bg4 26. f3 Bxh2+ 27. Kxh2 Qe5+ 28. Kg1 Qc5+ 29. Kf1 Qc4+ 30. Ne2 1-0

[Event "GER-ch U25-B"]
[Site "Willingen"]
[Date "2019.06.13"]
[Round "7"]
[White "Hoevert, Kai"]
[Black "Maul, Maik Joel"]
[Result "1-0"]
[WhiteElo "1536"]
[BlackElo "1590"]
[PlyCount "49"]
[EventDate "2019.06.08"]
[EventType "swiss"]
[EventRounds "9"]
[EventCountry "GER"]
[SourceTitle "CBM 191 Extra"]
[Source "ChessBase"]
[SourceDate "2019.09.30"]
[SourceVersion "1"]
[SourceVersionDate "2019.09.30"]
[SourceQuality "1"]

1. e4 c5 2. Nf3 e6 3. c4 Nc6 4. d4 cxd4 5. Nxd4 Qc7 6. Nc3 a6 7. a3 Nf6 8. Be3 Bd6 9. g3 h5 10. f4 Ng4 11. Bg1 Nxd4 12. Qxd4 e5 13. Qd2 exf4 14. Nd5 Qd8 15. Bb6 Qg5 16. Nc7+ Kf8 17. Qxd6+ Kg8 18. Qxf4 Qg6 19. Bd4 d5 20. exd5 Kh7 21. Nxa8 Rd8 22. 0-0-0 Bd7 23. Nc7 Rc8 24. Bd3 Nh6 25. d6 1-0

[Event "Niedersachsen-ch op-D"]
[Site "Verden"]
[Date "2017.01.07"]
[Round "5"]
[White "Nagel, Philipp"]
[Black "Maul, Maik Joel"]
[Result "0-1"]
[WhiteElo "1086"]
[BlackElo "1356"]
[PlyCount "46"]
[EventDate "2017.01.05"]
[EventType "swiss"]
[EventRounds "7"]
[EventCountry "GER"]
[SourceTitle "CBM 187 Extra"]
[Source "ChessBase"]
[SourceDate "2018.11.04"]
[SourceVersion "1"]
[SourceVersionDate "2018.11.04"]
[SourceQuality "1"]

1. d4 d5 2. Nc3 Nc6 3. Bf4 Bf5 4. f3 f6 5. Qd2 Qd7 6. 0-0-0 0-0-0 7. e3 e5 8. dxe5 fxe5 9. Bg5 Be7 10. Nh3 Bxh3 11. Bxe7 Ngxe7 12. gxh3 Rhf8 13. Qg2 Nf5 14. Qf2 Qe7 15. Rd2 Qf7 16. Bg2 d4 17. Nd1 Qxa2 18. Rd3 Qa1+ 19. Kd2 dxe3+ 20. Nxe3 Rxd3+ 21. cxd3 Qxb2+ 22. Nc2 Nb4 23. Kd1 Qxc2+ 0-1

[Event "Niedersachsen-ch op-D"]
[Site "Verden"]
[Date "2017.01.05"]
[Round "1"]
[White "Fink, Moritz"]
[Black "Maul, Maik Joel"]
[Result "0-1"]
[WhiteElo "850"]
[BlackElo "1356"]
[PlyCount "54"]
[EventDate "2017.01.05"]
[EventType "swiss"]
[EventRounds "7"]
[EventCountry "GER"]
[SourceTitle "CBM 187 Extra"]
[Source "ChessBase"]
[SourceDate "2018.11.04"]
[SourceVersion "1"]
[SourceVersionDate "2018.11.04"]
[SourceQuality "1"]

1. e4 d5 2. exd5 Qxd5 3. Nc3 Qa5 4. Nf3 Nf6 5. Bc4 Bg4 6. h3 Bd7 7. 0-0 Nc6 8. d3 0-0-0 9. Ng5 Ne5 10. f4 Nxc4 11. dxc4 Bxh3 12. Qf3 Bg4 13. Qe3 Bh5 14. Bd2 Qb6 15. Qxb6 axb6 16. Be3 e6 17. g4 Nxg4 18. Bf2 Nxf2 19. Rxf2 Bc5 20. b4 Bd4 21. Kg2 Bxf2 22. Kxf2 Rd2+ 23. Ke3 Rxc2 24. Kd3 Rg2 25. Rh1 Bg6+ 26. Ke3 Rd8 27. Na4 Rd3# 0-1

[Event "GER-ch U25-B"]
[Site "Willingen"]
[Date "2016.05.16"]
[Round "3"]
[White "Maul, Maik Joel"]
[Black "Chalabi, Tom"]
[Result "1/2-1/2"]
[WhiteElo "1102"]
[BlackElo "1365"]
[PlyCount "122"]
[EventDate "2016.05.15"]
[EventType "swiss"]
[EventRounds "9"]
[EventCountry "GER"]
[SourceTitle "CBM 172 Extra"]
[Source "ChessBase"]
[SourceDate "2016.06.21"]
[SourceVersion "1"]
[SourceVersionDate "2016.06.21"]
[SourceQuality "1"]

1. d4 d5 2. Bf4 Bf5 3. Nf3 Nc6 4. e3 a6 5. Nc3 e6 6. Bd3 Bg6 7. 0-0 Bd6 8. Re1 Nf6 9. Bxd6 cxd6 10. e4 dxe4 11. Nxe4 0-0 12. Nc3 Re8 13. Bxg6 hxg6 14. h3 Qc7 15. Qd2 Qb6 16. Rab1 e5 17. d5 Nd4 18. Nxd4 Qxd4 19. Qxd4 exd4 20. Ne2 Nxd5 21. Nxd4 Nb4 22. a3 Nc6 23. Nxc6 bxc6 24. Rbd1 Rad8 25. Kf1 Kf8 26. Rd2 Rxe1+ 27. Kxe1 Ke7 28. Rd3 Rb8 29. b4 Rb5 30. f4 Rf5 31. g3 d5 32. Kf2 Kd6 33. Kf3 c5 34. g4 Rf6 35. c4 d4 36. g5 Re6 37. h4 f6 38. gxf6 Rxf6 39. Rd2 Rf5 40. Ke4 Rh5 41. bxc5+ Kxc5 42. Rxd4 Rxh4 43. Rd7 g5 44. Rd5+ Kxc4 45. Rxg5 Kb3 46. Ra5 Rh6 47. Rg5 Rh7 48. Ra5 Rh6 49. Rg5 Re6+ 50. Kf5 Rf6+ 51. Ke5 Kxa3 52. Rxg7 Rb6 53. f5 Kb3 54. f6 Rxf6 55. Kxf6 a5 56. Rg3+ Kb2 57. Ke5 a4 58. Rg2+ Kb3 59. Kd5 a3 60. Rg3+ Kb2 61. Rxa3 Kxa3 1/2-1/2

[Event "GER-ch U25-B"]
[Site "Willingen"]
[Date "2016.05.15"]
[Round "1"]
[White "Maul, Maik Joel"]
[Black "Fuhrmann, Philipp"]
[Result "0-1"]
[WhiteElo "1102"]
[BlackElo "1459"]
[PlyCount "110"]
[EventDate "2016.05.15"]
[EventType "swiss"]
[EventRounds "9"]
[EventCountry "GER"]
[SourceTitle "CBM 172 Extra"]
[Source "ChessBase"]
[SourceDate "2016.06.21"]
[SourceVersion "1"]
[SourceVersionDate "2016.06.21"]
[SourceQuality "1"]

1. d4 Nf6 2. Nc3 e6 3. e4 d5 4. e5 Nfd7 5. Nf3 c5 6. Be3 Nc6 7. Bb5 Qb6 8. dxc5 Bxc5 9. Bxc5 Qxc5 10. Qe2 a6 11. Bd3 Nd4 12. Nxd4 Qxd4 13. 0-0-0 Qxe5 14. Qf3 b5 15. Rhe1 Qd6 16. Nxd5 Rb8 17. Bxh7 Kd8 18. Qxf7 exd5 19. Qxg7 Qf6 20. Qxf6+ Nxf6 21. Bd3 Rxh2 22. Rg1 Rb7 23. f3 Rg7 24. g4 Rf2 25. Rgf1 Rxf1 26. Rxf1 Bb7 27. Rg1 d4 28. Be2 Nh5 29. g5 Nf4 30. Bd1 Nh3 31. Rg4 Rxg5 32. Rxd4+ Rd5 33. Rh4 Ng5 34. Rh5 Rxd1+ 35. Kxd1 Bxf3+ 36. Kd2 Bxh5 37. Kc3 Kc7 38. Kb4 Kb6 39. a4 a5+ 40. Kb3 b4 41. Kc4 Bd1 42. Kb3 Kc5 43. Ka2 Bxc2 44. Ka1 Bxa4 45. Ka2 Ne4 46. Kb1 Nd2+ 47. Ka1 Nc4 48. Ka2 Nxb2 49. Kxb2 Kc4 50. Ka1 Kc3 51. Ka2 b3+ 52. Ka1 b2+ 53. Kb1 Bc2+ 54. Ka2 b1Q+ 55. Ka3 Qb2# 0-1

[Event "Bremen-ch op"]
[Site "Bremen"]
[Date "2015.04.04"]
[Round "9"]
[White "Zijlstra, Berend"]
[Black "Maul, Maik Joel"]
[Result "1-0"]
[WhiteElo "1319"]
[BlackElo "1000"]
[PlyCount "83"]
[EventDate "2015.03.28"]
[EventType "swiss"]
[EventRounds "9"]
[EventCountry "GER"]
[SourceTitle "EXT 2018"]
[Source "ChessBase"]
[SourceDate "2017.10.13"]
[SourceVersion "1"]
[SourceVersionDate "2017.10.13"]
[SourceQuality "1"]

1. c4 d5 2. cxd5 Qxd5 3. d4 Nc6 4. Nf3 Bg4 5. Nc3 Qd7 6. d5 Bxf3 7. exf3 Ne5 8. Bb5 c6 9. dxc6 Qxd1+ 10. Nxd1 Nxc6 11. 0-0 Nf6 12. Nc3 a6 13. Bxc6+ bxc6 14. Bg5 Rb8 15. b3 h6 16. Bxf6 exf6 17. Rfe1+ Be7 18. Re4 Rb7 19. Rae1 Rg8 20. Na4 f5 21. Re5 g6 22. Nc5 Ra7 23. a4 Kf8 24. Nxa6 Rxa6 25. Rxe7 Rb6 26. R1e3 Kg7 27. a5 Ra6 28. R7e5 f6 29. Re7+ Kh8 30. b4 Rg7 31. Re8+ Rg8 32. R8e6 Rf8 33. Re1 Raa8 34. Rxc6 Rad8 35. Rec1 Rd7 36. h3 Rb7 37. Rb6 Rxb6 38. axb6 Rb8 39. Rc6 Kg7 40. Rc7+ Kf8 41. b7 Re8 42. Rc8 1-0